|
|
|
|
| LEADER |
00000naa2a2200000 4500 |
| 001 |
179876 |
| 005 |
20231031170606.0 |
| 035 |
|
|
|a (RuTPU)RU\TPU\book\194988
|
| 090 |
|
|
|a 179876
|
| 100 |
|
|
|a 20100429d2007 k y0rusy50 ca
|
| 101 |
0 |
|
|a rus
|
| 102 |
|
|
|a RU
|
| 200 |
1 |
|
|a О физическом смысле коэффициентов уравнения регрессии "пористость-проницаемость"
|f С. Н. Голопапа
|g науч. рук. Г. Г. Номоконова
|
| 463 |
|
0 |
|0 (RuTPU)RU\TPU\book\140171
|y 5-89503-079-3
|t Проблемы геологии и освоения недр
|o [сборник]
|o труды XI международного симпозиума имени академика М. А. Усова студентов и молодых учёных, посвященного 80-летию академика, Президента международного горного конгресса, Лауреата государственной премии СССР М. И. Щадову
|f Томский политехнический университет (ТПУ), Институт геологии и нефтегазового дела
|v С. 241-243
|d 2007
|p 764 с.
|
| 610 |
1 |
|
|a уравнение регрессии
|
| 610 |
1 |
|
|a коэффициенты
|
| 610 |
1 |
|
|a пористость
|
| 610 |
1 |
|
|a проницаемость
|
| 610 |
1 |
|
|a коллекторы
|
| 610 |
1 |
|
|a труды учёных ТПУ
|
| 700 |
|
1 |
|a Голопапа
|b С. Н.
|
| 702 |
|
1 |
|a Номоконова
|b Г. Г.
|4 727
|
| 801 |
|
1 |
|a RU
|b 63413507
|c 20100429
|
| 942 |
|
|
|c BK
|